000 00533nam a2200193Ia 4500
005 20250508160750.0
008 008 250505s9999 xx 000 0 eng d
037 _aTextual
040 _aFEDL
_beng
_cFEDL
041 _aeng
_2eng
084 _a301, GHU
_qFEDL
100 _aGhurye G.S.
_9345693
245 0 _aTwo brahmanical institutions gotra and charana
260 _aBombay, India
_bPopular Prakashan
_c1972
300 _a324p.
650 _aSociology
942 _cTEXL
_h301, GHU
999 _c1366493
_d1366493